Self-build and renovation for dummies
| Main Author: | |
|---|---|
| Format: | Book |
| Published: |
West Sussex :
John Wiley & Sons ,
2007
|
| Subjects: |
MARC
| LEADER | 00000cam a2200000 7i4500 | ||
|---|---|---|---|
| 001 | 0000021040 | ||
| 005 | 20080115.0 | ||
| 008 | 071205 | ||
| 020 | |a 0470025867 | ||
| 040 | |a INS | ||
| 090 | 0 | 0 | |a TH4815.4 |b W35 2007 |
| 100 | 1 | |a Walliman, Nicholas | |
| 245 | 1 | 0 | |a Self-build and renovation for dummies |c Nicholas Walliman |
| 260 | |a West Sussex : |b John Wiley & Sons , |c 2007 | ||
| 300 | |a xviii, 372p. : |b il. ; |c 23cm. | ||
| 500 | |a Includes index | ||
| 650 | 0 | 0 | |a House construction |x Amateurs, manuals |
| 650 | 0 | 0 | |a House construction |x Popular work |
| 999 | |a 0000019553 |b BOOK |c Open Shelf |e Default branch | ||